Quizzes
Events
Quiz Creation
Community
Videos
Private Events
Remove Ads
Sign In
Join for FREE
Feedback
Dark Mode
Quiz Categories
Sports
Geography
Music
Movies
Television
Just For Fun
Miscellaneous
History
Literature
Language
Science
Gaming
Entertainment
Religion
Holiday
For Kids
Quiz Lab
Recent
Popular Today
Quiz Kudos Today
Editor Picks
Curator Picks
Quizzes by...
Day
Popularity
Type
Ratings
Length
Year
Community
Subscriptions
Recent Discussions
Orange Saloon
Badges
Playlists
Quests
Create
Leaderboards
Showdown
Live 5
Trivia Bingo
Activity
Puzzle Library
Sporcle Events
Private Events
Virtual Trivia
Globe League
Become a Host
Pub Owners
SporcleCon
Opinionation
Our Games
Videos
Blog
Mobile Apps
Partnerships
Remove Ads and Go Orange
Feedback
Geography
Country
Landmarks
City
State
Population
World
Capital
Continent
Flags
Europe
Africa
Asia
South America
North America
Oceania
Border
Canada
United Kingdom
Topography
United States
Geography
Country
Landmarks
City
State
Population
World
Capital
Continent
Flags
Europe
Africa
Asia
South America
North America
Oceania
Border
Canada
United Kingdom
Topography
United States
Random Quiz
Search Sporcle
×
Quiz Lab
Quiz Lab
Geography
City
Type in answers that appear in a list
Type in answers that appear in a list
Classic
Best Score? Go Orange.
English County Headquarters Stats
Can you name the English County Admin Headquarters?
By
Neilski
5m
36 Questions
183 Plays
183 Plays
183 Plays
Comments
Comments
Give Quiz Kudos
Give Quiz Kudos
-
- Ratings
hide this ad
Replay
Link that replays current quiz
Next Quiz
Link to next quiz in quiz playlist
You Got
0%
They Got
Avg Score
60%
Avg Friend Score
Upgrade to see
Score Distribution
Jump to the score distribution portion of the page
Score
0/36
Timer
05:00
0
Plays Today
County
Town / City
% Correct
Cambridgeshire
Cambridge
97.3%
Lincolnshire
Lincoln
88.5%
Bedfordshire
Bedford
86.9%
Oxfordshire
Oxford
86.9%
Leicestershire
Leicester
85.8%
Cheshire
Chester
84.7%
Gloucestershire
Gloucester
84.7%
Nottinghamshire
Nottingham
84.2%
Northamptonshire
Northampton
82%
Worcestershire
Worcester
82%
Norfolk
Norwich
81.4%
Durham
Durham
80.9%
Warwickshire
Warwick
76.5%
Devon
Exeter
73.8%
Suffolk
Ipswich
72.1%
Staffordshire
Stafford
71.6%
Cumbria
Carlisle
70.5%
Cornwall
Truro
67.8%
County
Town / City
% Correct
Buckinghamshire
Aylesbury or Milton Keynes
64.5%
Hertfordshire
Hertford
62.8%
Somerset
Taunton
55.7%
Shropshire
Shrewsbury
51.9%
Lancashire
Preston
49.7%
Essex
Chelmsford
48.1%
Hampshire
Winchester
46.4%
Kent
Maidstone
45.4%
Dorset
Dorchester
42.6%
Isle of Wight
Newport
39.9%
East Sussex
Lewes
36.6%
West Sussex
Chichester
33.9%
Berkshire
Reading
26.2%
Derbyshire
Matlock
23%
Surrey
Kingston-Upon-Thames
22.4%
Northumberland
Morpeth
21.9%
North Yorkshire
Northallerton
19.7%
Wiltshire
Trowbridge
19.1%
Quiz Playlist
Details
Report
Send in Message
Add To Playlist
Classic:
Type in answers that appear in a list
Last Updated: Feb 16, 2017
Quiz Scoreboard
CHALLENGE
Sign Up to Join the Scoreboard
Show All
Scores
Hide
Comments
May contain spoilers
Recently Published
Presidents Visiting Landmarks
by Hejman
History
7m
An Introduction to Baseball
by treessimontrees
Sports
5m
Movies - When Are They Set?
by FPL_Elf
Movies
5m
More to Explore
Quiz From the Vault
Featured Blog Post
Where Did the Easter Bunny Come From?
hide this ad
You Might Also Like...
Tags
City Quiz
Admin
counties
English
Headquarters
Town
Today's Top Quizzes in Geography
Browse Geography
hide this ad
Today's Top Quizzes in City
Browse City
Top Contributed Quizzes in Geography
1
Countries of the World - No Outlines Minefield
2
Top 25 Cities of France on a map
3
Any capital of a 'B' country per Continent
4
Closest Countries to UK A-Z
5
Any capital of a 'C' country per Continent
6
One Thing in Common: United Kingdom
7
Any capital of a 'D' country per Continent
8
5-to-1: US Geography No Hints
9
Any capital of an 'E' country per Continent
10
Find the Provinces of Canada - No Outlines Minefield
Explore More
Trending Topics
Marvel
NBA
Harry Potter
Kpop
Crossword
Anime
Disney
NFL
Song
Country
Puzzle
WWE
Pokémon
Soccer
The Office
hide this ad
More By:
Neilski
Quiz
Plays
Rating
Category
Featured
Created
English Football Hall of Fame
474
4.43
Sports
Apr 19, 2011
Most Goals - West Bromwich Albion
400
4.50
Sports
Apr 4, 2011
Most Appearances - West Bromwich Albion
368
5.00
Sports
Apr 4, 2011
Chaucer's Canterbury Pilgrims
350
3.50
Literature
Nov 11, 2009
Most goals - Wolverhampton Wanderers
335
Sports
Apr 11, 2011
Go to Creator's Profile
Score Distribution
Quiz Creator Spotlight
Neilski
Follow
Send a Message
Quizzes Created
-
Created Quiz Play Count
-
More By This Creator
Popular Quizzes Today
1
Find the US States - No Outlines Minefield
2
Find the Countries of Europe - No Outlines Minefield
3
The Countries of the World
4
Find the US States
5
Popular People in 1961
6
US States
7
Risky Map Clicking: Biggest States A-Z
8
Movies - When Are They Set?
More Geography Quizzes
Top 5 Chinese Cities per Letter
Quiz Lab
Trending Quizzes
Risky Map Clicking: Least Populous States A-Z
1-10 Letter G Words
1-10 Letter F Words
Risky Map Clicking: Next State Alphabetically
Risky Map Clicking: Biggest States A-Z
Recently Updated
Leaping Animals
pecheneg
Reality TV Shows (A-Z)
bhenderson79
Rickey Henderson's Hall of Fame Teammates
pecheneg
Champions League XIs: Arsenal
pecheneg
Quick Pick: Celebrities in WWE's Hall of Fame
aduchscher
A-Z Keypad Blitz II
pecheneg
Multiple Oscar Actors
pecheneg
Mystery Phrase Blitz: Oscar 'Best Actors'
pecheneg
F. Scott Fitzgerald Novels
LTH
Pick 3 Villains
ddd62291
Trending Topics
Disney
Crossword
Harry Potter
NBA
Anime
Kpop
Marvel
NFL
Song
WWE
Puzzle
The Office
Soccer
Country
Pokémon
Your Account Isn't Verified!
In order to create a playlist on Sporcle, you need to verify the email address you used during registration. Go to your
Sporcle Settings
to finish the process.
Report this User
Report this user for behavior that violates our
Community Guidelines
.
Details:
Send Report
Go to the Sporcle.com Mobile Site →
Comments